| 000 | 00662 a2200133 4500 | ||
|---|---|---|---|
| 003 | Nust | ||
| 005 | 20170207154159.0 | ||
| 040 | _cNust | ||
| 082 | _a510 | ||
| 245 |
_aChamber's seven-figure mathematical tables _ccompiled by James Pryde |
||
| 260 |
_aLondon _bW & R Chambers _c1951 |
||
| 505 | _aLogarithms of Numbers (Page-2) Reduction of Common to Naperian Logarithms (Page-202) Reduction of Naperian to Common Logarithms (Page-202) Logarithmic Sines Tangents (Page-248) Areas of the Segments of a Circle (Page-249) Natural Tangents (Page-308) Natural Secants (Page-321) Ternary Proportional Logarithms (Page-398) Amplitudes (Page-414) | ||
| 650 | _aMathematical tables | ||
| 942 |
_2ddc _cBK |
||
| 999 |
_c194630 _d194630 |
||